1072 1889 1981 1178 1187 1608 1055 1565 1318 1645 1261 1545 1025 1310 1367 1308 1542 1709 1268 1944 1387 1429 1207 1383 1339 1538 1562 1447 1359 1556 1401 1166 1061 1465 1762 1785 1961 1593 1206 1693 1003 1145 1314 1152 1350 1399 1572 1696 1440 1963 1570 1352 1961 1698 1922 1713 1623 1490 1452 1610 1350 1554 1574 1556 1410 1217 1265 1511 1515 1394 1601 1361 1966 1159 1493 1220 1778 1766 1024 1367 1840 1415 1153 1331 1135 1104 1833 1959 1316 1216 1888 1653 1211 1017 1739 1670 1969 1684 1011 BCNSPRNW ULIB Ver.6.0+V

เปลี่ยนเป็นภาษาไทย

Change to English
 แสดงรายละเอียดบรรณานุกรม
  กลับหน้าหลัก

Brief Record : Get Marc (ISO 2709) : E-mail record : QR code < ปิดหน้าต่าง
LEADER : 00000nam 2200000uu 4500
001    13399112043
003     ULIB
008    110725s2549||||th 000 0 tha d
020    9749713664
020    9789749713662
050  4 H35^bส264ส 2549
100 0  สมพงษ์ ดุลยอนุกิจ
245 10 สังคมศาสตร์กับการพัฒนา /^cสมพงษ์ ดุลยอนุกิจ
250    พิมพ์ครั้งที่ 1
260    กรุงเทพฯ :^bโอเดียนสโตร์,^c2549
300    231 หน้า ;^c24 ซม.
650  7 การพัฒนาสังคม
650  7 สังคมศาสตร์
945    ^p150^l0^i023067
945    ^p150^l0^i023068
945    ^p150^l0^i023069
995    ทศพร
999 ^a ทศพร
รายการนี้ยังไม่มีแท็ก
คุณยังไม่ได้ล็อกอิน คุณสามารถมีกิจกรรมร่วมกับเว็บไซต์ได้ แต่ต้องล็อกอินก่อน ::
  ล็อกอิน

รายการสื่อสารสนเทศ

ลำดับที่ ประเภท เลขเรียก/บาร์โค้ด สถานที่ สถานะ
- ไม่พบข้อมูล -

รายการใกล้เคียง
    ผู้แต่ง [สมพงษ์ ดุลยอนุกิจ]

    หัวเรื่อง [การพัฒนาสังคม]
    หัวเรื่อง [สังคมศาสตร์]

BibComment


ยังไม่เคยถูกคอมเมนท์

คอมเมนท์ทรัพยากรรายการนี้
  คอมเมนท์: สังคมศาสตร์กับการ..


 Copyright 2026. Bcnsprnw @Library